Per la igualtat, tu marques la diferència
Descripción Física:
1 calendari ; 19 x 16 cm
Materias:
Calendaris
Idioma:
Catalán
MARC
| LEADER | 00000nam a22000007a 4500 | ||
|---|---|---|---|
| 001 | 26060 | ||
| 008 | 220628b spa||||| |||| 00| 0 cat d | ||
| 080 | |a NBM-14-17 | ||
| 245 | |a Per la igualtat, tu marques la diferència | ||
| 260 | |a Barcelona : |b Diputació de Barcelona, Gabinet de Premsa i Comunicacio, |c 2016 | ||
| 300 | |a 1 calendari ; |c 19 x 16 cm | ||
| 655 | 0 | |9 52767 |a Calendaris | |
| 710 | 1 | |a Barcelona (Catalunya : Província). |b Gabinet de Premsa i Comunicació |9 51838 | |
| 942 | |2 udc |c ARXIU |n 1 | ||
| 952 | |0 0 |1 0 |4 0 |6 NBM1417 |7 1 |9 62541 |a Arxiu |b Arxiu |d 2022-06-28 |l 0 |o NBM-14-17 |p 26060 |r 2022-06-28 00:00:00 |w 2022-06-28 |y ARXIU | ||
| 999 | |c 82145 |d 82145 | ||